Firemná filantropia a spoločenská zodpovednosť firiem v Európe

Firemná filantropia. Firemná filantropia vo vybraných krajinách Európy. Spoločenská zodpovednosť firiem. Úloha vlády v oblasti spoločenskej zodpovednosti vo vybraných krajinách EÚ.

Uložené v:
Podrobná bibliografia
Hlavný autor: Vasilenková, Diana
Médium: Kapitola
Jazyk:Slovak
Predmet:
Tagy: Pridať tag
Žiadne tagy, Buďte prvý, kto otaguje tento záznam!

MARC

LEADER 00000nla$a2200000$$$4500
001 0143379
005 20240502072555.0
041 0 |a slo 
044 |a SK 
245 1 0 |a Firemná filantropia a spoločenská zodpovednosť firiem v Európe  |c Diana Vasilenková 
520 |a Firemná filantropia. Firemná filantropia vo vybraných krajinách Európy. Spoločenská zodpovednosť firiem. Úloha vlády v oblasti spoločenskej zodpovednosti vo vybraných krajinách EÚ. 
610 2 0 |a zodpovednosť spoločenská 
610 2 0 |a filantropia 
610 2 0 |a dary 
610 2 0 |a firmy 
610 2 0 |a odpisy daňové 
610 2 0 |a vláda 
610 2 0 |a Európa 
610 2 0 |a Európska únia 
100 1 |a Vasilenková, Diana